000 01086cad a22002295a 4500
001 L154488
008 111214s20111206xxkd f s 000 0 eng d
035 _a(Sirsi) u154488
041 0 _aeng
050 0 4 _a346.4104342 $2 18
110 2 _aRoyal Institution of Chartered Surveyors
_94900
245 0 0 _aRICS residential lettings survey Great Britain
_bOctober 2011
_h[electronic resource]
260 _aLondon
_bRICS
_c2011
490 0 _aRICS Residential Lettings Survey Great Britain
_vOctober 2011
520 _aRents continue to rise and are expected to increase further in the near term. Instructions edge upwards, but strong demand is underpinning the firm rental picture. Rental expectations remain positive across most of the country
590 _aKA
650 2 4 _aRICS RESIDENTIAL LETTINGS SURVEY GREAT BRITAIN
651 4 _aGreat Britain
_y1707-
690 _aPROPERTY-RESIDENTIAL PROPERTY-RESIDENTIAL PROPERTY MARKET
856 4 0 _uhttps://www.rics.org/Global/RICS_Residential_Lettings_Survey_October_2011.pdf
_zView the item free of charge at www.rics.org
942 _n0
999 _c113008
_d113008